Normal view
MARC view
Entry Personal Name
001 - CONTROL NUMBER
- control field: 46503
003 - CONTROL NUMBER IDENTIFIER
- control field: ARRUPE
005 - DATE AND TIME OF LATEST TRANSACTION
- control field: 20190522112438.0
008 - FIXED-LENGTH DATA ELEMENTS
- fixed length control field: 190522|| aca||aabn | a|a d
040 ## - CATALOGING SOURCE
- Original cataloging agency: ARRUPE
- Transcribing agency: ARRUPE
100 ## - HEADING--PERSONAL NAME
- Personal name: Suarez, Michael F.,
- Dates associated with a name: 1960-
- Relator term: editor.
670 ## - SOURCE DATA FOUND
- Source citation: Work cat.: (ARRUPE)0: The book :, 2013